| 000 | 00929nam a2200241 a 4500 | ||
|---|---|---|---|
| 001 | 000028187 | ||
| 005 | 20240508073816.0 | ||
| 008 | 110407s2010 dr abc 001 0 spa d | ||
| 020 | _a9789945074147 | ||
| 020 | _a9789945074130 | ||
| 040 |
_aDO-SdBNP _bspa _cBNPHU |
||
| 082 |
_a624.97293 _bA174p, 2010 |
||
| 100 | 1 |
_aAcevedo, Octavio A. _931904 |
|
| 245 | 1 | 0 |
_aProblemas y tópicos técnicos y científicos / _cOctavio Acevedo ; editor Andrés Blanco Díaz. |
| 260 |
_aSanto Domingo : _bArchivo General de la Nación, _c2010. |
||
| 300 |
_a2 v. : _bil., mapas., retrs. ; _c23 cm. |
||
| 490 | 1 |
_aArchivo General de la Nación _v122-123 |
|
| 590 | _aInventariado,2018/DG | ||
| 650 | 4 |
_aIngeniería civil _xHistoria _zRepública Dominicana _934185 |
|
| 651 | 4 |
_aRepública Dominicana _xObras Públicas _xEnsayos, Conferencias, Etc. _954736 |
|
| 700 | 1 | 2 |
_aBlanco Díaz, Andrés _eed. _9172 |
| 910 | _aValidado. Control de calidad EMS | ||
| 999 |
_c27679 _d27679 |
||